| 000 | 00925nam a2200241 a 4500 | ||
|---|---|---|---|
| 003 | MX-MxUPN | ||
| 005 | 20230525063729.0 | ||
| 008 | 220302s1950 mx a|||| |||| 000 0 spa d | ||
| 040 |
_aMX-MxUPN _bspa _cMX-MxUPN |
||
| 041 | 0 | _aspa | |
| 049 | _aLT | ||
| 050 | 4 |
_aLB1585 M6.5 _bM6.4 |
|
| 100 | 1 |
_aMotts, Irene Elena _929530 |
|
| 245 | 1 | 0 |
_aEstudio de la naturaleza : _bacademias para uso del quinto grado de enseñanza primaria / _cIrene Elena Motts, Imelda Calderón. |
| 250 | _aTercera edición. | ||
| 260 |
_aMéxico, D.F. : _bImprenta Aldina, _c1950. |
||
| 300 |
_a93 páginas : _bilustraciones. |
||
| 500 | _a"Estas academias son complemento del libro Estudio de la naturaleza correspondiente al mismo año"--portada. | ||
| 650 | 4 |
_aCiencias naturales _xEstudio y enseñanza (Elemental) _92812 |
|
| 650 | 4 |
_aCiencias naturales _vLibros de texto _910151 |
|
| 700 | 1 |
_aCalderón, Imelda _943866 _ecoaut. |
|
| 905 | _aLibro | ||
| 999 |
_c208193 _d208193 |
||